[Event "Guernsey Holiday 2011"]
[Site "Guernsey, Channel Islands"]
[Date "2011.10.17"]
[Round "2"]
[White "Vonhoff, Joerg"]
[Black "Foster, Paul"]
[Result "1-0"]
[WhiteElo "1543"]
[BlackElo "1720"]
[PlyCount "79"]
[EventDate "2011.10.16"]
[EventType "swiss"]
[EventRounds "7"]
[SourceDate "2011.11.16"]

1. e4 d5 2. exd5 Qxd5 3. Nf3 Nf6 4. h3 Bf5 5. d4 c6 6. Be2 Qa5+ 7. Bd2 Qc7 8.
c4 Nbd7 9. Nc3 e6 10. a3 a5 11. O-O Bd6 12. c5 Bf4 13. Bxf4 Qxf4 14. Qd2 Qc7
15. Bd3 Bxd3 16. Qxd3 O-O 17. Rfe1 Rfd8 18. Qc2 Nf8 19. Rad1 Rd7 20. Na4 Nd5
21. Ne5 Re7 22. Nc3 Rd8 23. Nc4 Nxc3 24. Qxc3 Ra8 25. Re3 Nd7 26. Rg3 e5 27.
Nd6 f6 28. Qb3+ Kf8 29. Nf5 g5 30. Nxe7 Kxe7 31. dxe5 Nxe5 32. Re1 a4 33. Qc4
Qa5 34. Qe4 Rh8 35. Rxg5 Qxc5 36. Rg7+ Ke6 37. Rxb7 f5 38. Qxa4 Kf6 39. Qh4+
Kg6 40. Qg3+ 1-0

[Event "Guernsey Holiday 2011"]
[Site "Guernsey, Channel Islands"]
[Date "2011.10.17"]
[Round "2"]
[White "Onwezen, Eric"]
[Black "Bateman, Kerry"]
[Result "1-0"]
[WhiteElo "1720"]
[BlackElo "1525"]
[PlyCount "67"]
[EventDate "2011.10.16"]
[EventType "swiss"]
[EventRounds "7"]
[SourceDate "2011.11.16"]

1. e4 c5 2. g3 Nc6 3. Bg2 d6 4. Nc3 Nf6 5. d3 g6 6. Be3 Ng4 7. Qd2 Nxe3 8. Qxe3
Bg7 9. Nge2 Bg4 10. f3 Bd7 11. h4 h5 12. Nd1 Nb4 13. Qd2 Ba4 14. Rc1 Qb6 15. a3
Nc6 16. Ndc3 Qxb2 17. Nxa4 Qxa3 18. Nac3 Nd4 19. O-O Qb4 20. Rfd1 a6 21. Nd5
Nxe2+ 22. Qxe2 Qa5 23. f4 e6 24. Ne3 O-O 25. Rb1 b5 26. e5 d5 27. g4 Qb6 28.
Nc4 dxc4 29. Bxa8 cxd3 30. cxd3 c4+ 31. d4 Rxa8 32. gxh5 Bh6 33. hxg6 fxg6 34.
Qg2 1-0

[Event "Guernsey Holiday 2011"]
[Site "Guernsey, Channel Islands"]
[Date "2011.10.17"]
[Round "2"]
[White "Haisma, Henk"]
[Black "Gibzinski, Stanislaw"]
[Result "1-0"]
[WhiteElo "1709"]
[BlackElo "1216"]
[PlyCount "55"]
[EventDate "2011.10.16"]
[EventType "swiss"]
[EventRounds "7"]
[SourceDate "2011.11.16"]

1. b4 d5 2. Bb2 e6 3. e3 Bxb4 4. Bxg7 Nf6 5. Bxh8 Bd6 6. Qf3 Nbd7 7. Bb5 c6 8.
Ba4 Qa5 9. Bb3 Be5 10. Bxf6 Nxf6 11. c3 Ne4 12. Ne2 Bd7 13. Bc2 Ng5 14. Qh5 Bf6
15. h4 Ne4 16. Bxe4 Qd8 17. Bxh7 Qe7 18. Qg4 O-O-O 19. g3 e5 20. Bf5 Bxf5 21.
Qxf5+ Kb8 22. Na3 d4 23. Nc4 dxc3 24. Nxc3 e4 25. Rb1 Bxc3 26. dxc3 Rd3 27.
Qe5+ Qxe5 28. Nxe5 1-0

[Event "Guernsey Holiday 2011"]
[Site "Guernsey, Channel Islands"]
[Date "2011.10.17"]
[Round "2"]
[White "Harnden, Terry"]
[Black "Roberts, Malcolm A"]
[Result "1/2-1/2"]
[WhiteElo "1423"]
[BlackElo "1760"]
[PlyCount "100"]
[EventDate "2011.10.16"]
[EventType "swiss"]
[EventRounds "7"]
[SourceDate "2011.11.16"]

1. e4 e6 2. d4 d5 3. exd5 exd5 4. Bb5+ c6 5. Ba4 Qa5+ 6. c3 Nf6 7. Bc2 Nbd7 8.
Nf3 Bd6 9. Qe2+ Kf8 10. O-O Qc7 11. h3 h6 12. Re1 Nb6 13. Ne5 Be6 14. b3 Re8
15. Ba3 Bxa3 16. Nxa3 Qd6 17. Nb1 Nbd7 18. a4 g5 19. Nd2 Kg7 20. Nf1 Nh7 21.
Ng3 Ndf6 22. Bf5 Kf8 23. Bxe6 Qxe6 24. Ng6+ Kg7 25. Qxe6 fxe6 26. Nxh8 Kxh8 27.
Re2 Kg7 28. Rae1 Kf7 29. Re3 Nf8 30. Kf1 Kg6 31. Re5 N6d7 32. R5e3 Nf6 33. f3
h5 34. Nh1 g4 35. fxg4 hxg4 36. Nf2 gxh3 37. Nxh3 Ne4 38. Nf4+ Kf5 39. g3 Nd2+
40. Kg2 Nxb3 41. Re5+ Kf6 42. Rf1 Ke7 43. Rb1 Na5 44. Rbe1 Nc4 45. R5e2 Kd6 46.
Nd3 a6 47. Nc5 b5 48. axb5 axb5 49. Nb7+ Kc7 50. Nc5 Kd6 1/2-1/2

[Event "Guernsey Holiday 2011"]
[Site "Guernsey, Channel Islands"]
[Date "2011.10.17"]
[Round "2"]
[White "Kearsley, Raymond J"]
[Black "Kok, Franciscus"]
[Result "1-0"]
[WhiteElo "1760"]
[BlackElo "1583"]
[PlyCount "54"]
[EventDate "2011.10.16"]
[EventType "swiss"]
[EventRounds "7"]
[SourceDate "2011.11.16"]

1. e4 c5 2. Nf3 d6 3. Bb5+ Bd7 4. Bxd7+ Qxd7 5. O-O Nc6 6. c3 Nf6 7. Qe2 e6 8.
d4 cxd4 9. cxd4 Be7 10. Nc3 O-O 11. Rd1 d5 12. e5 Ne8 13. Bf4 a6 14. Na4 Qd8
15. Rac1 Rc8 16. Nc5 Nxd4 17. Nxd4 Rxc5 18. Be3 Rxc1 19. Rxc1 Kh8 20. Qc2 g6
21. Qc8 Qxc8 22. Rxc8 Ng7 23. Rc7 Bd8 24. Rxb7 f6 25. Bh6 Rg8 26. Bxg7+ Rxg7
27. Rxg7 Kxg7 1-0

[Event "Guernsey Holiday 2011"]
[Site "Guernsey, Channel Islands"]
[Date "2011.10.17"]
[Round "2"]
[White "Errington, Paul"]
[Black "Bennett, David"]
[Result "1/2-1/2"]
[WhiteElo "1752"]
[BlackElo "1352"]
[PlyCount "38"]
[EventDate "2011.10.16"]
[EventType "swiss"]
[EventRounds "7"]
[SourceDate "2011.11.16"]

1. d4 Nf6 2. c4 c5 3. Nf3 cxd4 4. Nxd4 e5 5. Nf3 Nc6 6. g3 Bc5 7. Bg2 Qb6 8.
O-O O-O 9. Nc3 Qd8 10. Ng5 Nd4 11. Qd3 d6 12. e4 Bg4 13. h3 Bd7 14. Kh2 Rb8 15.
Nd5 b5 16. b3 bxc4 17. bxc4 Ba4 18. Ne3 h6 19. Nf3 Bc6 1/2-1/2

[Event "Guernsey Holiday 2011"]
[Site "Guernsey, Channel Islands"]
[Date "2011.10.17"]
[Round "2"]
[White "Finch, Russell"]
[Black "Van Beek, Ronald"]
[Result "1-0"]
[WhiteElo "1700"]
[BlackElo "1374"]
[PlyCount "69"]
[EventDate "2011.10.16"]
[EventType "swiss"]
[EventRounds "7"]
[SourceDate "2011.11.16"]

1. e4 e6 2. d4 d5 3. e5 Nc6 4. c3 f6 5. exf6 Nxf6 6. Bf4 Bd6 7. Bxd6 Qxd6 8.
Nf3 O-O 9. Bb5 Bd7 10. O-O a6 11. Bxc6 Bxc6 12. Ne5 Rae8 13. Nd2 b5 14. b4 Nd7
15. Nxd7 Bxd7 16. Nf3 Qc6 17. Ne5 Qd6 18. Qg4 Qe7 19. f4 Rf6 20. Rf3 Ref8 21.
Qg5 Be8 22. Ng4 h6 23. Nxf6+ Rxf6 24. Qh4 Bg6 25. a4 Be8 26. axb5 Bxb5 27. Re1
Qd6 28. Re5 Kf7 29. Qh5+ Kg8 30. Qg4 Kh7 31. Rfe3 Bd7 32. h4 Rg6 33. Qf3 Bc6
34. f5 Rf6 35. Rxe6 1-0

[Event "Guernsey Holiday 2011"]
[Site "Guernsey, Channel Islands"]
[Date "2011.10.17"]
[Round "2"]
[White "Brookes, Jean Paul"]
[Black "Goman, Colin"]
[Result "1-0"]
[WhiteElo "1597"]
[BlackElo "1631"]
[PlyCount "65"]
[EventDate "2011.10.16"]
[EventType "swiss"]
[EventRounds "7"]
[SourceDate "2011.11.16"]

1. e4 d6 2. d4 Nf6 3. Nc3 g6 4. Be3 Bg7 5. Bc4 O-O 6. Qd2 b6 7. f3 Bb7 8. Bh6
c5 9. d5 Ba6 10. Bxa6 Nxa6 11. a3 Nc7 12. Bxg7 Kxg7 13. g4 e6 14. dxe6 fxe6 15.
O-O-O d5 16. g5 Ng8 17. exd5 exd5 18. Nxd5 Nxd5 19. Qxd5 Qxd5 20. Rxd5 Rae8 21.
Rd7+ Kh8 22. h4 Re1+ 23. Kd2 Rb1 24. h5 Rxf3 25. hxg6 Nf6 26. gxf6 Rf2+ 27. Ke3
Rxf6 28. Rhxh7+ Kg8 29. Rd8+ Rf8 30. Rxf8+ Kxf8 31. Ne2 Kg8 32. b3 Rg1 33. Nxg1
1-0

[Event "Guernsey Holiday 2011"]
[Site "Guernsey, Channel Islands"]
[Date "2011.10.17"]
[Round "2"]
[White "Curry, William"]
[Black "Kershaw, Graham J"]
[Result "0-1"]
[WhiteElo "1528"]
[BlackElo "1760"]
[PlyCount "120"]
[EventDate "2011.10.16"]
[EventType "swiss"]
[EventRounds "7"]
[SourceDate "2011.11.16"]

1. e4 e6 2. d4 d5 3. e5 c5 4. Nf3 Nc6 5. c3 Qb6 6. b3 cxd4 7. Nxd4 Nxe5 8. Be3
Qd8 9. Be2 Bd7 10. O-O Rc8 11. Nf3 Nc6 12. a3 Qc7 13. h3 a6 14. b4 Ne5 15. Nxe5
Qxe5 16. Bd4 Qc7 17. Re1 Ne7 18. Bg4 Nc6 19. Be3 Bd6 20. Bf3 O-O 21. a4 Ne5 22.
a5 Bb5 23. Bb6 Qe7 24. Re3 Nc4 25. Re1 Nxb6 26. axb6 Qf6 27. Be2 Bxe2 28. Qxe2
Rc4 29. Qf3 Qxf3 30. gxf3 Rfc8 31. Kf1 g6 32. Ke2 Be5 33. Rc1 R8c6 34. Kd3 Rh4
35. Ra5 Rxb6 36. Rh1 Rc6 37. Re1 Bf6 38. Rh1 Rhc4 39. Rc5 R6xc5 40. bxc5 Rxc5
41. h4 Rc4 42. h5 g5 43. h6 Kf8 44. Rc1 Rh4 45. Ke3 Rxh6 46. c4 g4 47. f4 Rh3+
48. Ke2 dxc4 49. Rxc4 Rb3 50. Nd2 Rb2 51. Kd3 h5 52. Ne4 Be7 53. Ng3 h4 54. Nh5
f5 55. Ke3 a5 56. Rc8+ Kf7 57. Ra8 Kg6 58. Rh8 a4 59. f3 Rb3+ 60. Ke2 Rxf3 0-1

[Event "Guernsey Holiday 2011"]
[Site "Guernsey, Channel Islands"]
[Date "2011.10.17"]
[Round "2"]
[White "Herschmann, Heinz"]
[Black "Wood, Peter C"]
[Result "0-1"]
[WhiteElo "1440"]
[BlackElo "1728"]
[PlyCount "100"]
[EventDate "2011.10.16"]
[EventType "swiss"]
[EventRounds "7"]
[SourceDate "2011.11.16"]

1. e4 e6 2. d4 d5 3. exd5 exd5 4. Nf3 Bd6 5. Be2 Nf6 6. O-O O-O 7. Nc3 c6 8.
Re1 Bf5 9. h3 h6 10. Bd3 Bxd3 11. Qxd3 Na6 12. a3 Nc7 13. Be3 Ne6 14. Nh2 Qc7
15. Nf1 Rfe8 16. Rad1 Re7 17. Qf5 Nf4 18. Bxf4 Rxe1 19. Rxe1 Bxf4 20. g3 Bd6
21. Nh2 Bxg3 22. Ng4 Nxg4 23. Qxg4 Bd6 24. Nb1 Rd8 25. c3 Qd7 26. Qxd7 Rxd7 27.
Re8+ Kh7 28. Kg2 Re7 29. Rxe7 Bxe7 30. f4 Kg6 31. Kf3 Kf5 32. Nd2 Bd6 33. b4 b6
34. a4 Bxf4 35. Nb3 Bc7 36. b5 cxb5 37. axb5 Bf4 38. Na1 Bd2 39. c4 dxc4 40.
Nc2 Ke6 41. Ke4 f5+ 42. Kf3 Kd5 43. h4 g5 44. hxg5 hxg5 45. Ke2 c3 46. Kd3 g4
47. Nb4+ Kd6 48. Nc6 g3 49. Nxa7 g2 50. Nc8+ Kc7 0-1

[Event "Guernsey Holiday 2011"]
[Site "Guernsey, Channel Islands"]
[Date "2011.10.17"]
[Round "2"]
[White "Beadle, John"]
[Black "Cox, Marian"]
[Result "1/2-1/2"]
[WhiteElo "1720"]
[BlackElo "1440"]
[PlyCount "48"]
[EventDate "2011.10.16"]
[EventType "swiss"]
[EventRounds "7"]
[SourceDate "2011.11.16"]

1. e4 e5 2. Nf3 d6 3. Bc4 h6 4. O-O Nf6 5. Nc3 Be7 6. h3 Nbd7 7. d3 c6 8. a3
Qc7 9. Nh2 Nb6 10. Ba2 Be6 11. Bxe6 fxe6 12. f4 exf4 13. Bxf4 e5 14. Be3 O-O-O
15. a4 Kb8 16. Qd2 a6 17. Qf2 c5 18. a5 Nbd7 19. Qf5 Rhg8 20. Qe6 Nf8 21. Qa2
N8d7 22. Qf7 Rde8 23. Qg6 Nf8 24. Qf7 N8d7 1/2-1/2

[Event "Guernsey Holiday 2011"]
[Site "Guernsey, Channel Islands"]
[Date "2011.10.17"]
[Round "2"]
[White "Kaye, Mike"]
[Black "Brooker, Chris H"]
[Result "0-1"]
[WhiteElo "1400"]
[BlackElo "1712"]
[PlyCount "72"]
[EventDate "2011.10.16"]
[EventType "swiss"]
[EventRounds "7"]
[SourceDate "2011.11.16"]

1. d4 f5 2. Nf3 e6 3. e3 Nf6 4. Nc3 Bb4 5. a3 Bxc3+ 6. bxc3 b6 7. Be2 Bb7 8.
O-O O-O 9. Ne1 Ne4 10. Bb2 Qg5 11. Nf3 Qh6 12. c4 d6 13. d5 e5 14. Ne1 Nd7 15.
Bf3 Ndf6 16. Qe2 Ba6 17. g3 Nxd5 18. Bxe4 fxe4 19. Ng2 Nf6 20. f4 exf3 21. Rxf3
Bb7 22. Rf5 Be4 23. Rf2 Rf7 24. Raf1 Raf8 25. Nh4 Qh5 26. Qxh5 Nxh5 27. Rxf7
Rxf7 28. Rxf7 Kxf7 29. c3 Bd3 30. c5 bxc5 31. g4 Nf6 32. h3 Be4 33. Kf2 Nd5 34.
Ba1 Nb6 35. Bb2 Nc4 36. Ke2 Nxb2 0-1

[Event "Guernsey Holiday 2011"]
[Site "Guernsey, Channel Islands"]
[Date "2011.10.17"]
[Round "2"]
[White "Carrick, Peter"]
[Black "Borland, Thomas E"]
[Result "0-1"]
[WhiteElo "1384"]
[BlackElo "1623"]
[PlyCount "122"]
[EventDate "2011.10.16"]
[EventType "swiss"]
[EventRounds "7"]
[SourceDate "2011.11.16"]

1. d4 d5 2. Nf3 Nf6 3. Bg5 Ne4 4. Bh4 c5 5. e3 Nc6 6. c3 Qb6 7. Qc2 Bf5 8. Qc1
Rc8 9. dxc5 Qxc5 10. Nd4 Bg6 11. f3 Nd6 12. Bf2 Nxd4 13. exd4 Qb6 14. Be2 e6
15. O-O Be7 16. Be3 O-O 17. Nd2 Nf5 18. Bf2 Qc7 19. Nb3 Bd6 20. g3 e5 21. dxe5
Bxe5 22. f4 Bd6 23. Nd4 Nxd4 24. Bxd4 Be4 25. Qd2 Bc5 26. Rad1 Qb6 27. b3 {(=)}
Bxd4+ 28. cxd4 Rc2 29. Qe3 Rfc8 30. Bf3 R8c3 31. Qe1 f5 32. Rd2 Rc1 33. Rd1
Rxd1 34. Qxc3 Qxd4+ 35. Qxd4 Rxd4 36. Bxe4 fxe4 37. Rf2 Kf7 38. Re2 Rd3 39. Kf2
Kf6 40. Re3 Rd2+ 41. Re2 Rxe2+ 42. Kxe2 d4 43. g4 h5 44. h3 hxg4 45. hxg4 g6
46. a3 Ke6 47. Kd2 Kd5 48. Ke2 e3 49. Kd3 e2 50. Kxe2 Ke4 51. f5 gxf5 52. g5
Ke5 53. Kd3 f4 54. g6 Kf6 55. g7 Kxg7 56. Kxd4 Kg6 57. Ke4 Kg5 58. Kf3 Kf5 59.
b4 b5 60. Ke2 Ke4 61. Kf2 f3 0-1

[Event "Guernsey Holiday 2011"]
[Site "Guernsey, Channel Islands"]
[Date "2011.10.17"]
[Round "2"]
[White "Cox, Reginald E"]
[Black "Savident, David B"]
[Result "0-1"]
[WhiteElo "1312"]
[BlackElo "1590"]
[PlyCount "86"]
[EventDate "2011.10.16"]
[EventType "swiss"]
[EventRounds "7"]
[SourceDate "2011.11.16"]

1. e4 Nf6 2. Nc3 e6 3. d3 d5 4. e5 Nfd7 5. Nf3 c5 6. d4 Nc6 7. Bf4 cxd4 8. Nxd4
Ndxe5 9. Nxc6 Nxc6 10. Bb5 Bd7 11. O-O Be7 12. Re1 a6 13. Bxc6 Bxc6 14. a3 Qd7
15. Qg4 g6 16. Be5 h5 17. Qe2 Rg8 18. Rad1 O-O-O 19. Ne4 f5 20. Nc3 Rde8 21.
Qe3 Bd6 22. Qa7 Bxe5 23. Rxe5 g5 24. Qc5 Kb8 25. b3 Qc7 26. Rde1 Bd7 27. Qxc7+
Kxc7 28. Ne2 h4 29. h3 g4 30. Nf4 Kd6 31. R5e3 gxh3 32. Rxh3 Rg4 33. g3 Reg8
34. Kh2 hxg3+ 35. fxg3 Rc8 36. Re2 Rc3 37. Nd3 Bb5 38. Rd2 Bxd3 39. cxd3 Rxb3
40. a4 Rxa4 41. Rh5 Rab4 42. Kh3 Rb2 43. Rxb2 Rxb2 0-1

[Event "Guernsey Holiday 2011"]
[Site "Guernsey, Channel Islands"]
[Date "2011.10.17"]
[Round "2"]
[White "Naldrett, Geoffrey W"]
[Black "Le Maitre, Richard"]
[Result "1-0"]
[WhiteElo "1584"]
[BlackElo "1418"]
[PlyCount "85"]
[EventDate "2011.10.16"]
[EventType "swiss"]
[EventRounds "7"]
[SourceDate "2011.11.16"]

1. e4 c5 2. c3 d6 3. d4 cxd4 4. cxd4 Nf6 5. Nc3 a6 6. Bg5 Nc6 7. Nf3 Bg4 8. Be2
Bxf3 9. Bxf3 e5 10. d5 Nd4 11. Be3 Nxf3+ 12. Qxf3 Be7 13. O-O Qd7 14. a4 O-O
15. a5 Qg4 16. Na4 Qxf3 17. gxf3 Nd7 18. Rfc1 Rac8 19. Kf1 Bf6 20. Ke2 Kh8 21.
Kd3 Be7 22. Rc3 Rxc3+ 23. bxc3 Bd8 24. Rb1 Bxa5 25. Rxb7 Nf6 26. Bb6 Bxb6 27.
Rxb6 Nh5 28. Rxd6 Nf4+ 29. Kd2 a5 30. Ra6 Rd8 31. Rxa5 Ne6 32. Nb6 Ng5 33. Ke3
h6 34. c4 f6 35. c5 Nf7 36. Ra8 Rxa8 37. Nxa8 Kg8 38. Kd3 Kf8 39. Kc4 Ke7 40.
Nb6 Kd8 41. d6 Ke8 42. Kd5 Nd8 43. c6 1-0

[Event "Guernsey Holiday 2011"]
[Site "Guernsey, Channel Islands"]
[Date "2011.10.17"]
[Round "2"]
[White "Dokter, Marike"]
[Black "Brown, Jim"]
[Result "1-0"]
[WhiteElo "1570"]
[BlackElo "1272"]
[PlyCount "61"]
[EventDate "2011.10.16"]
[EventType "swiss"]
[EventRounds "7"]
[SourceDate "2011.11.16"]

1. e4 c6 2. Nf3 d6 3. d4 Nd7 4. Bc4 e6 5. O-O Be7 6. Nc3 e5 7. Re1 Ngf6 8. a4
O-O 9. Be3 a6 10. h3 h6 11. Qd3 Nh7 12. Ne2 Bg5 13. Ng3 Kh8 14. Rad1 Bxe3 15.
Qxe3 Ndf6 16. dxe5 Ne8 17. exd6 Nxd6 18. e5 Nxc4 19. Rxd8 Nxe3 20. Rxf8+ Nxf8
21. Rxe3 Be6 22. Ne4 Rd8 23. Kf1 Bd5 24. Nc5 Bxf3 25. Rxf3 Kg8 26. Rd3 Re8 27.
f4 g6 28. b3 Re7 29. Rd8 Kg7 30. Rb8 Nd7 31. Rxb7 1-0

[Event "Guernsey Holiday 2011"]
[Site "Guernsey, Channel Islands"]
[Date "2011.10.18"]
[Round "3"]
[White "Haisma, Henk"]
[Black "Onwezen, Eric"]
[Result "1-0"]
[WhiteElo "1709"]
[BlackElo "1720"]
[PlyCount "65"]
[EventDate "2011.10.16"]
[EventType "swiss"]
[EventRounds "7"]
[SourceDate "2011.11.16"]

1. b4 e5 2. a3 d5 3. d3 f5 4. Nf3 Bd6 5. g3 Nf6 6. Nbd2 Be6 7. c4 c6 8. Qc2
Nbd7 9. Ng5 Qe7 10. Nxe6 Qxe6 11. Bg2 h5 12. e4 fxe4 13. dxe4 d4 14. Nf3 c5 15.
Ng5 Qe7 16. b5 h4 17. a4 Bc7 18. Bd2 hxg3 19. fxg3 Ng4 20. h4 a6 21. O-O Ndf6
22. Bh3 O-O 23. Qd1 Nh6 24. Ne6 Qd7 25. Bxh6 gxh6 26. Bf5 Qe7 27. Nxf8 Rxf8 28.
Qd2 Qg7 29. Qg2 Nh5 30. Be6+ Kh8 31. Rxf8+ Qxf8 32. Rf1 Qg7 33. Rf7 1-0

[Event "Guernsey Holiday 2011"]
[Site "Guernsey, Channel Islands"]
[Date "2011.10.18"]
[Round "3"]
[White "Hoogakker, Peter"]
[Black "Vonhoff, Joerg"]
[Result "1-0"]
[WhiteElo "1754"]
[BlackElo "1543"]
[PlyCount "35"]
[EventDate "2011.10.16"]
[EventType "swiss"]
[EventRounds "7"]
[SourceDate "2011.11.16"]

1. e4 b6 2. Bc4 Bb7 3. Nc3 e6 4. Nf3 Nf6 5. Qe2 d6 6. d4 Nbd7 7. O-O Be7 8. d5
e5 9. Bd2 h6 10. b4 Qc8 11. Nh4 Nxd5 12. Nxd5 Bxh4 13. Qh5 Bf6 14. Nxf6+ gxf6
15. Qxf7+ Kd8 16. Be6 Bxe4 17. Bxd7 Rh7 18. Qe8# 1-0

[Event "Guernsey Holiday 2011"]
[Site "Guernsey, Channel Islands"]
[Date "2011.10.18"]
[Round "3"]
[White "Finch, Russell"]
[Black "Kearsley, Raymond J"]
[Result "0-1"]
[WhiteElo "1700"]
[BlackElo "1760"]
[PlyCount "60"]
[EventDate "2011.10.16"]
[EventType "swiss"]
[EventRounds "7"]
[SourceDate "2011.11.16"]

1. f4 Nf6 2. Nf3 g6 3. e3 Bg7 4. Be2 O-O 5. O-O c5 6. d3 d5 7. Nc3 Nc6 8. e4 d4
9. Na4 Qa5 10. b3 c4 11. e5 cxd3 12. cxd3 Nd5 13. Bd2 Qd8 14. Qe1 Ne3 15. Bxe3
dxe3 16. h3 Nd4 17. Nxd4 Qxd4 18. Qc3 Rd8 19. Qxd4 Rxd4 20. Rac1 Bf5 21. Nb2
Rc8 22. Rxc8+ Bxc8 23. Rc1 Be6 24. g3 f6 25. exf6 Bxf6 26. Bg4 Bd5 27. Kf1 h5
28. Be2 h4 29. Nc4 hxg3 30. Ke1 g2 0-1

[Event "Guernsey Holiday 2011"]
[Site "Guernsey, Channel Islands"]
[Date "2011.10.18"]
[Round "3"]
[White "Baart, Edwin R"]
[Black "Norman, Dinah M"]
[Result "1/2-1/2"]
[WhiteElo "1687"]
[BlackElo "1760"]
[PlyCount "51"]
[EventDate "2011.10.16"]
[EventType "swiss"]
[EventRounds "7"]
[SourceDate "2011.11.16"]

1. d4 d5 2. Nf3 Nf6 3. c4 c6 4. Nc3 e6 5. Bg5 Be7 6. e3 Nbd7 7. Be2 h6 8. Bh4
O-O 9. Qc2 dxc4 10. Bxc4 Nd5 11. Bxe7 Qxe7 12. a3 Nxc3 13. Qxc3 c5 14. O-O cxd4
15. Nxd4 Nf6 16. Rac1 Bd7 17. Qb3 Rab8 18. Nf3 Bc6 19. Ne5 Bd5 20. Rfd1 Bxc4
21. Qxc4 Rfd8 22. Rxd8+ Rxd8 23. g3 Nd5 24. Rd1 Nb6 25. Rxd8+ Qxd8 26. Qc2
1/2-1/2

[Event "Guernsey Holiday 2011"]
[Site "Guernsey, Channel Islands"]
[Date "2011.10.18"]
[Round "3"]
[White "Nalichowski, Bogdan"]
[Black "Ruigrok, Jacques"]
[Result "0-1"]
[WhiteElo "1626"]
[BlackElo "1760"]
[PlyCount "109"]
[EventDate "2011.10.16"]
[EventType "swiss"]
[EventRounds "7"]
[SourceDate "2011.11.16"]

1. e4 e5 2. Nf3 Nc6 3. Bc4 Nf6 4. d4 exd4 5. e5 d5 6. exf6 dxc4 7. Qe2+ Be6 8.
O-O gxf6 9. Re1 Qd7 10. Qxc4 O-O-O 11. Qe2 Rg8 12. a3 Bh3 13. g3 Bg4 14. Qd3
Bd6 15. Nbd2 h5 16. h4 Ne5 17. Nxe5 Bxe5 18. Ne4 Qd5 19. c4 dxc3 20. Qxd5 Rxd5
21. Nxc3 Bxc3 22. bxc3 Re5 23. Bf4 Rxe1+ 24. Rxe1 Be6 25. Kg2 Rd8 26. Be3 Rd3
27. Bd4 f5 28. Rc1 Rd2 29. Bxa7 b6 30. Kf3 Kb7 31. Ke3 Ra2 32. Bxb6 cxb6 33.
Kf3 Rxa3 34. Kf4 f6 35. Re1 Ra4+ 36. Ke3 Re4+ 37. Kd2 Rxe1 38. Kxe1 Kc6 39. Ke2
Kd5 40. Ke3 Kc4 41. Kd2 b5 42. f3 Bd5 43. f4 Be4 44. Ke3 Kxc3 45. g4 fxg4 46.
Kxe4 b4 47. Kf5 b3 48. Kxf6 b2 49. Kg5 b1=Q 50. Kxh5 Qf5+ 51. Kh6 Qxf4+ 52. Kg6
g3 53. h5 g2 54. h6 g1=Q+ 55. Kh7 0-1

[Event "Guernsey Holiday 2011"]
[Site "Guernsey, Channel Islands"]
[Date "2011.10.18"]
[Round "3"]
[White "Collins, Alan"]
[Black "Williams, Peter D"]
[Result "1/2-1/2"]
[WhiteElo "1736"]
[BlackElo "1704"]
[PlyCount "42"]
[EventDate "2011.10.16"]
[EventType "swiss"]
[EventRounds "7"]
[SourceDate "2011.11.16"]

1. d4 d5 2. Nf3 Nf6 3. Bf4 e6 4. e3 Bd6 5. Bg3 O-O 6. Bd3 c5 7. c3 Nc6 8. Nbd2
a6 9. Ne5 Bxe5 10. dxe5 Nd7 11. f4 f6 12. exf6 Qxf6 13. O-O c4 14. Bc2 Nc5 15.
Nf3 b5 16. Bh4 Qh6 17. Bg3 Bd7 18. Nd4 Rad8 19. Nxc6 Bxc6 20. Qd4 Nd7 21. Rae1
Qf6 1/2-1/2

[Event "Guernsey Holiday 2011"]
[Site "Guernsey, Channel Islands"]
[Date "2011.10.18"]
[Round "3"]
[White "Jongerius, Marc"]
[Black "Hamann, Marcus"]
[Result "0-1"]
[WhiteElo "1643"]
[BlackElo "1728"]
[PlyCount "84"]
[EventDate "2011.10.16"]
[EventType "swiss"]
[EventRounds "7"]
[SourceDate "2011.11.16"]

1. e4 c5 2. Nf3 Nc6 3. d4 cxd4 4. Nxd4 Nf6 5. Nc3 e5 6. Ndb5 d6 7. Nd5 Nxd5 8.
exd5 Nb8 9. Bd3 f5 10. Qe2 Be7 11. Qh5+ g6 12. Qh6 Kf7 13. h4 Bf8 14. Qg5 Qxg5
15. hxg5 Na6 16. Be3 b6 17. a3 Bb7 18. f4 Re8 19. O-O-O Nc5 20. Bc4 a6 21. Nc7
Rc8 22. Ne6 Ne4 23. Bb3 Nc5 24. Nxc5 bxc5 25. fxe5 dxe5 26. d6+ Kg7 27. d7 Rd8
28. Be6 Be7 29. Bd2 Rhf8 30. Bc3 Bxg5+ 31. Kb1 Bf6 32. Bd2 h5 33. g4 Bxh1 34.
Rxh1 fxg4 35. Be3 Be7 36. Rd1 Rf6 37. Bc4 Rd6 38. Rxd6 Bxd6 39. Bg5 Rxd7 40.
Bxa6 g3 41. Bc8 g2 42. Be3 Rf7 0-1

[Event "Guernsey Holiday 2011"]
[Site "Guernsey, Channel Islands"]
[Date "2011.10.18"]
[Round "3"]
[White "Smith, David"]
[Black "Brookes, Jean Paul"]
[Result "1-0"]
[WhiteElo "1708"]
[BlackElo "1597"]
[PlyCount "81"]
[EventDate "2011.10.16"]
[EventType "swiss"]
[EventRounds "7"]
[SourceDate "2011.11.16"]

1. d4 e6 2. Nf3 d5 3. Bf4 Nf6 4. h3 c5 5. c3 Nc6 6. e3 Qb6 7. Qb3 Be7 8. Nbd2
Bd7 9. Be2 c4 10. Qc2 Qa6 11. O-O b5 12. e4 O-O 13. Ng5 h6 14. Ngf3 Qa5 15. a3
Nh5 16. Be3 f5 17. exf5 exf5 18. Ne5 Nf6 19. Nxc6 Bxc6 20. Qxf5 Bd7 21. Qg6 Ne4
22. Nxe4 Bf5 23. Qg3 Bxe4 24. Bxh6 Bf6 25. Bg5 Rae8 26. Bxf6 Rxf6 27. Bg4 Qa4
28. Bd1 Qa6 29. Re1 Rg6 30. Bg4 Qa4 31. f3 Qb3 32. fxe4 Qxb2 33. e5 Ra6 34.
Reb1 Qc2 35. Rc1 Qh7 36. Bf3 Rg6 37. Qf2 Qxh3 38. Kf1 Qh2 39. Ke2 Rf8 40. Rh1
Qf4 41. Bxd5+ 1-0

[Event "Guernsey Holiday 2011"]
[Site "Guernsey, Channel Islands"]
[Date "2011.10.18"]
[Round "3"]
[White "Harnden, Terry"]
[Black "Guttridge, David"]
[Result "1/2-1/2"]
[WhiteElo "1423"]
[BlackElo "1704"]
[PlyCount "35"]
[EventDate "2011.10.16"]
[EventType "swiss"]
[EventRounds "7"]
[SourceDate "2011.11.16"]

1. e4 e6 2. d4 d5 3. exd5 exd5 4. Nf3 Bd6 5. Bg5 f6 6. Bh4 Ne7 7. Be2 Bf5 8.
O-O Nd7 9. Bd3 Bxd3 10. Qxd3 O-O 11. Bg3 Bxg3 12. fxg3 Re8 13. Nh4 Nf8 14. Nd2
Nfg6 15. Nf5 Qd7 16. Nxe7+ Rxe7 17. Rae1 Rae8 18. Nf3 1/2-1/2

[Event "Guernsey Holiday 2011"]
[Site "Guernsey, Channel Islands"]
[Date "2011.10.18"]
[Round "3"]
[White "Kershaw, Graham J"]
[Black "Naldrett, Geoffrey W"]
[Result "1-0"]
[WhiteElo "1760"]
[BlackElo "1584"]
[PlyCount "83"]
[EventDate "2011.10.16"]
[EventType "swiss"]
[EventRounds "7"]
[SourceDate "2011.11.16"]

1. e4 c6 2. d4 d5 3. exd5 cxd5 4. c4 Nf6 5. Nf3 Bf5 6. Nc3 e6 7. Bf4 Bd6 8.
Bxd6 Qxd6 9. c5 Qe7 10. b4 a6 11. Bd3 Bxd3 12. Qxd3 Nc6 13. O-O O-O 14. b5 Na5
15. a4 Nc4 16. Rfe1 Qc7 17. b6 Qd7 18. Ng5 g6 19. f4 Kg7 20. Nf3 h5 21. Ne5
Nxe5 22. fxe5 Ng4 23. Rf1 Nh6 24. Ne2 Nf5 25. Rf3 Rh8 26. a5 Rag8 27. Qd2 Qe7
28. Rb1 Rc8 29. Nc3 Kf8 30. Na2 Kg7 31. Nb4 Nxd4 32. Qxd4 Qxc5 33. Qxc5 Rxc5
34. Ra3 Rb5 35. Rbb3 Rc8 36. Nd3 Rxb3 37. Rxb3 Kf8 38. Kf2 Ke7 39. Ke3 g5 40.
Kd2 Kd7 41. Rc3 g4 42. Nc5+ 1-0